Lo efímero y eterno del arte popular mexicano (notice nᵒ 6497)
[ vue normale ]
| 000 -Sello discográfico | |
|---|---|
| campo de control de longitud fija | 01115nam a2200361 4500 |
| 005 - Identificación de versión | |
| campo de control | 20251016084652.0 |
| 035 ## - Otros números de control del sistema | |
| Número de control del sistema | 28773 |
| 099 ## - fechas locales | |
| Tipo de ítem Koha | LIBRO |
| 100 ## - Datos de procesamiento general | |
| Datos de procesamiento general | 20020912d1971 m y1spay5003 ba |
| 105 ## - Campo de datos codificados: Material textual, monográfico | |
| Datos codificados de monografía | a 001zy |
| 200 1# - Título y mención de responsabilidad | |
| Título propio | Lo efímero y eterno del arte popular mexicano |
| Designación general del material | texto impreso |
| Primer mención de responsabilidad | Francisco Salmerón, Fernando Horcasitas |
| 210 ## - Publicación, distribución, etc. | |
| Lugar de publicación, distribución, etc. | México |
| Nombre del editor, distribuidor, etc. | Fondo Editorial de la Plástica Mexicana |
| Fecha de publicación, distribución, etc. | 1971 |
| 215 ## - Descripción física | |
| Designación de material específico y extensión del ítem | 2 v |
| Otras características físicas | principalmente fot. |
| Dimensiones | 35 cm |
| 318 ## - Nota de acción | |
| Acción | No se presta a domicilio |
| 345 ## - Nota de información de adquisición | |
| Fuente de adquisición/dirección de la suscripción [OBSOLETO] | Donación |
| 606 ## - Término temático usado como materia | |
| Elemento de entrada | Arte popular |
| Subdivisión geográfica | México |
| Número Koha | 836 |
| 660 ## - Código de área geográfica | |
| Código | MX |
| 700 ## - Nombre personal - Responsabilidad primaria | |
| Elemento de entrada | Salmerón Tinajero |
| Parte del nombre distinta del elemento de entrada | Francisco |
| Fechas | 1922- |
| Número Koha | 12334 |
| 701 ## - Nombre personal - Responsabilidad alternativa | |
| Elemento de entrada | Horcasitas Pimentel |
| Parte del nombre distinta del elemento de entrada | Fernando |
| Fechas | 1924-1980 |
| Número Koha | 3906 |
| 801 #0 - Fuente de origen | |
| Agencia | cm |
| 900 ## - | |
| -- | 1/2207 |
| 900 ## - | |
| -- | 7100213994\120902 |
| 942 ## - ELEMENTOS DE ENTRADA SECUNDARIOS (KOHA) | |
| Tipo de ítem Koha | Livre |
| 996 ## - | |
| -- | MEX |
| -- | 751145101 |
| -- | MMAG |
| -- | 000223 |
| -- | F745.097 F673E V.2 |
| -- | 20110908LIV |
| 996 ## - | |
| -- | MEX |
| -- | 751145101 |
| -- | MMAG |
| -- | 000224 |
| -- | F745.097 F673E V.1 |
| -- | 20191129LIV |
| Estatus retirado | Estado de daño | Estado de pérdida | Fecha de adquisición | Biblioteca de origen | Biblioteca actual | Ubicación en estantería | Código de barras | Precio de reemplazo | Signatura topográfica completa | No para préstamo | Tipo de ítem Koha | Nota pública | Nota no pública |
|---|---|---|---|---|---|---|---|---|---|---|---|---|---|
| 05/08/2025 | Casa México Paris | Casa México Paris | 000223 | 05/08/2025 | F745.097 F673E V.2 | No se presta a domicilio | Livre | 20110908LIV | 751145101 | ||||
| 05/08/2025 | Casa México Paris | Casa México Paris | 000224 | 05/08/2025 | F745.097 F673E V.1 | No se presta a domicilio | Livre | 20191129LIV | 751145101 |